00391nam a22001577a 4500003000400000008004100004020001800045082001200063100002100075245003200096250000800128260003100136300001000167650003800177700001800215OSt250204b |||||||| |||| 00| 0 eng d a9789354510618 a658 SHT aSharma, Uday Raj aPharma Marketing Management a3rd aN.DelhibNarali Pub.c2023 a10.10 aCommunity pharmacy and Management aGoli, Divaker